000 00547nam a2200169Ia 4500
008 100917s9999 xx 000 0 und d
082 _b4889
100 _aटिळक लक्ष्मीबाई
245 _aस्मृतिचित्रे भाग 4था
260 _b---
_c1957
365 _b2.5
520 _aकादंबरी
630 _aस्मृतिचित्रे भाग 4था
650 _aकादंबरी
730 _aस्मृतिचित्रे भाग 4था
942 _cBOOK
999 _c610283
_d610280